[Event "Muensterland Regionalliga Gr2 2223"]
[Site "Germany"]
[Date "2022.09.03"]
[Round "1.1"]
[White "Voelker, Christian"]
[Black "Schulze Schwering, Philipp"]
[Result "1/2-1/2"]
[WhiteElo "2074"]
[BlackElo "2025"]
[PlyCount "22"]
[EventDate "2022.09.03"]
[EventType "team-tourn"]
[EventRounds "5"]
[EventCountry "GER"]
[SourceTitle "EXT 2024"]
[Source "ChessBase"]
[SourceDate "2023.10.10"]
[SourceVersion "1"]
[SourceVersionDate "2023.10.10"]
[SourceQuality "1"]
[WhiteTeam "Suedlohn"]
[BlackTeam "Borken"]
[WhiteTeamCountry "GER"]
[BlackTeamCountry "GER"]

1. d4 d5 2. c4 e6 3. Nc3 Nf6 4. Bg5 dxc4 5. e3 c5 6. dxc5 Qxd1+ 7. Rxd1 Bxc5 8. Bxc4 a6 9. a3 b5 10. Be2 Bb7 11. Bf3 Bxf3 1/2-1/2

[Event "NRW Class2 1819"]
[Site "Germany"]
[Date "2019.02.17"]
[Round "6.2"]
[White "Eckardt, Joshua"]
[Black "Voelker, Christian"]
[Result "1/2-1/2"]
[WhiteElo "2237"]
[BlackElo "2065"]
[PlyCount "36"]
[EventDate "2018.09.16"]
[EventType "team-tourn"]
[EventRounds "9"]
[EventCountry "GER"]
[SourceTitle "EXT 2022"]
[Source "ChessBase"]
[SourceDate "2021.10.06"]
[SourceVersion "1"]
[SourceVersionDate "2021.10.06"]
[SourceQuality "1"]
[WhiteTeam "Iserlohn Koenigsspringer"]
[BlackTeam "Suedlohn"]
[WhiteTeamCountry "GER"]
[BlackTeamCountry "GER"]

1. d4 g6 2. c4 Bg7 3. Nf3 d6 4. g3 Nd7 5. Bg2 e5 6. Nc3 Ne7 7. 0-0 0-0 8. e4 exd4 9. Nxd4 Nc6 10. Nde2 Nc5 11. Be3 Be6 12. b3 a5 13. Rb1 Qc8 14. Nd5 Re8 15. Nef4 Bd7 16. f3 f5 17. Nd3 Nd4 18. Nf2 Nce6 1/2-1/2

[Event "NRW Class2 1819"]
[Site "Germany"]
[Date "2018.09.16"]
[Round "1.2"]
[White "Hainke, Guntram"]
[Black "Voelker, Christian"]
[Result "1-0"]
[WhiteElo "2319"]
[BlackElo "2065"]
[PlyCount "123"]
[EventDate "2018.09.16"]
[EventType "team-tourn"]
[EventRounds "9"]
[EventCountry "GER"]
[SourceTitle "EXT 2022"]
[Source "ChessBase"]
[SourceDate "2021.10.06"]
[SourceVersion "1"]
[SourceVersionDate "2021.10.06"]
[SourceQuality "1"]
[WhiteTeam "Duesseldorf II"]
[BlackTeam "Suedlohn"]
[WhiteTeamCountry "GER"]
[BlackTeamCountry "GER"]

1. d4 Nf6 2. c4 c5 3. d5 b5 4. cxb5 a6 5. e3 g6 6. Nc3 Bg7 7. Nf3 0-0 8. a4 e6 9. e4 Bb7 10. Bc4 exd5 11. exd5 Re8+ 12. Be2 axb5 13. Nxb5 Bxd5 14. 0-0 Na6 15. Bg5 Nb4 16. Rc1 Qb6 17. Nd2 Qc6 18. Bf3 Bxf3 19. Nxf3 Ne4 20. b3 Na2 21. Rc2 Nac3 22. Nxc3 Nxc3 23. Qd3 c4 24. bxc4 Nxa4 25. Be3 d6 26. h4 Ra5 27. Qd2 Ra6 28. Rd1 Nc5 29. Bf4 Bf8 30. Nd4 Qe4 31. Bg3 Ra3 32. Qf4 Qxf4 33. Bxf4 Ne6 34. Nb5 Ra6 35. Bxd6 Bxd6 36. Rxd6 Ra1+ 37. Kh2 Rc8 38. Rd3 Rb1 39. Nd6 Rc6 40. Ne4 Rb4 41. Nd2 Kg7 42. g3 h5 43. Ra2 Nc5 44. Rd4 Nb7 45. Rc2 Nd6 46. Kg2 f5 47. Rd3 Kf6 48. c5 Ne4 49. Nxe4+ fxe4 50. Rd5 Rb3 51. Kf1 Rd3 52. Rg5 Rf3 53. Ke2 Rf5 54. Rxf5+ gxf5 55. Ke3 Ke5 56. Rc3 Kd5 57. Kf4 Kd4 58. Rc1 Kd3 59. Kxf5 Ke2 60. Kxe4 Kxf2 61. Kd5 Rc8 62. Rc3 1-0

[Event "NRW Class2 1718"]
[Site "Germany"]
[Date "2018.03.11"]
[Round "7.2"]
[White "Podzielny, Karl Heinz"]
[Black "Voelker, Christian"]
[Result "1-0"]
[WhiteElo "2355"]
[BlackElo "2026"]
[PlyCount "53"]
[EventDate "2017.09.17"]
[EventType "team-tourn"]
[EventRounds "9"]
[EventCountry "GER"]
[SourceTitle "EXT 2019"]
[Source "ChessBase"]
[SourceDate "2018.10.10"]
[SourceVersion "1"]
[SourceVersionDate "2018.10.10"]
[SourceQuality "1"]
[WhiteTeam "Letmathe"]
[BlackTeam "Suedlohn"]
[WhiteTeamCountry "GER"]
[BlackTeamCountry "GER"]

1. d4 Nf6 2. Nf3 c5 3. d5 b5 4. Bg5 Ne4 5. Qd3 Nxg5 6. Nxg5 e6 7. Nxf7 Qf6 8. Nxh8 Qxb2 9. c3 c4 10. Qd2 Qxa1 11. Qc2 g6 12. dxe6 dxe6 13. e3 Bg7 14. Be2 Bb7 15. Bf3 Bxf3 16. gxf3 Bxc3+ 17. Kf1 Nd7 18. Qe4 Bxh8 19. Qxa8+ Ke7 20. Kg2 Be5 21. Rd1 Bd6 22. f4 Qf6 23. Qc6 e5 24. Nc3 Qe6 25. h3 exf4 26. Nd5+ Kf7 27. Nc7 1-0

[Event "NRW Class2 1718"]
[Site "Germany"]
[Date "2018.02.18"]
[Round "6.5"]
[White "Arndt, Stefan"]
[Black "Voelker, Christian"]
[Result "1/2-1/2"]
[WhiteElo "2166"]
[BlackElo "2026"]
[PlyCount "67"]
[EventDate "2017.09.17"]
[EventType "team-tourn"]
[EventRounds "9"]
[EventCountry "GER"]
[SourceTitle "EXT 2019"]
[Source "ChessBase"]
[SourceDate "2018.10.10"]
[SourceVersion "1"]
[SourceVersionDate "2018.10.10"]
[SourceQuality "1"]
[WhiteTeam "Ennepe Ruhr Sued"]
[BlackTeam "Suedlohn"]
[WhiteTeamCountry "GER"]
[BlackTeamCountry "GER"]

1. e4 c5 2. Nf3 e6 3. d4 cxd4 4. Nxd4 Nf6 5. Nc3 Qb6 6. Nb3 Bb4 7. Bd3 d5 8. exd5 Nxd5 9. 0-0 Nxc3 10. bxc3 Be7 11. c4 Nd7 12. Rb1 Nf6 13. Bd2 Qc7 14. f4 b6 15. Bc3 Bb7 16. Qe2 Rd8 17. Kh1 g6 18. Be5 Qc8 19. c5 0-0 20. cxb6 axb6 21. Nd2 Nd7 22. Ba1 Qc5 23. Rb5 Qc7 24. f5 Nc5 25. Nc4 Nxd3 26. cxd3 exf5 27. Qb2 f6 28. Rxb6 Bd5 29. Ne3 Ba8 30. Rc1 Qf4 31. Re6 Bd6 32. Nf1 Be5 33. Qd2 Qxd2 34. Nxd2 1/2-1/2

[Event "NRW Class2 1718"]
[Site "Germany"]
[Date "2018.01.28"]
[Round "5.3"]
[White "Voelker, Christian"]
[Black "Klip, Hans"]
[Result "1/2-1/2"]
[WhiteElo "2026"]
[BlackElo "2302"]
[PlyCount "38"]
[EventDate "2017.09.17"]
[EventType "team-tourn"]
[EventRounds "9"]
[EventCountry "GER"]
[SourceTitle "EXT 2019"]
[Source "ChessBase"]
[SourceDate "2018.10.10"]
[SourceVersion "1"]
[SourceVersionDate "2018.10.10"]
[SourceQuality "1"]
[WhiteTeam "Suedlohn"]
[BlackTeam "Plettenberg"]
[WhiteTeamCountry "GER"]
[BlackTeamCountry "GER"]

1. e4 e5 2. f4 Bc5 3. Nf3 d6 4. Nc3 Nf6 5. Bc4 Nc6 6. d3 Bg4 7. Na4 0-0 8. Nxc5 dxc5 9. h3 Bxf3 10. Qxf3 b5 11. Bb3 Qd6 12. c3 Rad8 13. Bc2 b4 14. 0-0 Rfe8 15. Ba4 Re7 16. Bxc6 Qxc6 17. fxe5 Rxe5 18. Bf4 Re6 19. Rad1 bxc3 1/2-1/2

[Event "NRW Class2 1718"]
[Site "Germany"]
[Date "2017.12.17"]
[Round "4.2"]
[White "Voelker, Christian"]
[Black "Himmel, Hansjoerg"]
[Result "1-0"]
[WhiteElo "2026"]
[BlackElo "2205"]
[PlyCount "169"]
[EventDate "2017.09.17"]
[EventType "team-tourn"]
[EventRounds "9"]
[EventCountry "GER"]
[SourceTitle "EXT 2019"]
[Source "ChessBase"]
[SourceDate "2018.10.10"]
[SourceVersion "1"]
[SourceVersionDate "2018.10.10"]
[SourceQuality "1"]
[WhiteTeam "Suedlohn"]
[BlackTeam "Kamen"]
[WhiteTeamCountry "GER"]
[BlackTeamCountry "GER"]

1. e4 c5 2. Nc3 Nc6 3. Bb5 Nd4 4. Nf3 g6 5. Ba4 Bg7 6. 0-0 a6 7. Nxd4 cxd4 8. Ne2 e6 9. d3 Ne7 10. Bd2 0-0 11. Qe1 d5 12. f3 a5 13. Qh4 Bd7 14. Bxd7 Qxd7 15. Bh6 Rac8 16. Bxg7 Kxg7 17. Rac1 dxe4 18. fxe4 Rc5 19. Qf6+ Kg8 20. Nxd4 Nc6 21. Nxc6 Qxc6 22. c3 a4 23. a3 Rh5 24. Rcd1 Qd6 25. g3 Qb6+ 26. Rf2 Rb5 27. Rdd2 Qc7 28. d4 Rd8 29. e5 Rd7 30. h4 Rbd5 31. h5 Qd8 32. hxg6 hxg6 33. Qf4 b5 34. Rde2 Qf8 35. g4 Qg7 36. g5 Kf8 37. Re3 Ke7 38. Ref3 Kd8 39. Qf6+ Qxf6 40. Rxf6 Ke8 41. Rh2 Kf8 42. Rf3 Rd8 43. Rfh3 Ke7 44. Rh8 R5d7 45. Kf2 Rb7 46. Ke3 Rbb8 47. R8h7 Rf8 48. R2h6 Ke8 49. Kd3 Rc8 50. Kc2 Ra8 51. Rh8 Kd7 52. Rxf8 Rxf8 53. Kd3 Kc6 54. Ke4 Rd8 55. Rh2 Kb6 56. Rf2 Rd7 57. Rf6 Kc7 58. Rf1 Kc6 59. Rh1 Kb6 60. Rh8 Kc7 61. Rf8 Kb7 62. Kd3 Ka7 63. Kc2 Kb7 64. b3 axb3+ 65. Kxb3 Kc6 66. Rb8 Ra7 67. Rd8 Ra4 68. Rc8+ Kd7 69. Rf8 Ke7 70. Rb8 Ra5 71. Rb7+ Ke8 72. Kb4 Ra4+ 73. Kxb5 Rxa3 74. Kc4 Ra1 75. Kc5 Rg1 76. Kd6 Kf8 77. Rb8+ Kg7 78. Rb2 Rxg5 79. c4 Rg1 80. Rd2 g5 81. c5 g4 82. c6 Kg6 83. Rc2 Rd1 84. c7 Rxd4+ 85. Ke7 1-0

[Event "NRW Class2 1718"]
[Site "Germany"]
[Date "2017.10.15"]
[Round "2.3"]
[White "Koehler, Christian Friedrich"]
[Black "Voelker, Christian"]
[Result "1-0"]
[WhiteElo "2182"]
[BlackElo "2026"]
[PlyCount "72"]
[EventDate "2017.09.17"]
[EventType "team-tourn"]
[EventRounds "9"]
[EventCountry "GER"]
[SourceTitle "EXT 2019"]
[Source "ChessBase"]
[SourceDate "2018.10.10"]
[SourceVersion "1"]
[SourceVersionDate "2018.10.10"]
[SourceQuality "1"]
[WhiteTeam "Godesberg"]
[BlackTeam "Suedlohn"]
[WhiteTeamCountry "GER"]
[BlackTeamCountry "GER"]

1. c4 b6 2. d4 Bb7 3. Nf3 e6 4. e3 f5 5. Bd3 Nf6 6. Qc2 c5 7. Nbd2 cxd4 8. exd4 Be7 9. 0-0 0-0 10. a3 Na6 11. b4 Nc7 12. Bb2 Rc8 13. Qb3 Qe8 14. Rfe1 Qh5 15. d5 Kh8 16. Nd4 Bd6 17. h3 Rce8 18. dxe6 dxe6 19. Be2 Qg6 20. Bf3 Bc8 21. Nc6 Nh5 22. Be5 Bxe5 23. Nxe5 Qg5 24. Rad1 Nf4 25. Bc6 Rd8 26. Nf1 Ne8 27. Rxd8 Qxd8 28. Qe3 Ng6 29. Nxg6+ hxg6 30. Nh2 Nd6 31. c5 Nf7 32. cxb6 axb6 33. Nf3 Qc7 34. Rc1 Rd8 35. Be8 Qe7 36. Bxf7 Qxf7 1-0

[Event "NRW Class2 1718"]
[Site "Germany"]
[Date "2017.09.17"]
[Round "1.3"]
[White "Hecht, Carsten"]
[Black "Voelker, Christian"]
[Result "1-0"]
[WhiteElo "2228"]
[BlackElo "2026"]
[PlyCount "23"]
[EventDate "2017.09.17"]
[EventType "team-tourn"]
[EventRounds "9"]
[EventCountry "GER"]
[SourceTitle "EXT 2019"]
[Source "ChessBase"]
[SourceDate "2018.10.10"]
[SourceVersion "1"]
[SourceVersionDate "2018.10.10"]
[SourceQuality "1"]
[WhiteTeam "Lippstadt Turm"]
[BlackTeam "Suedlohn"]
[WhiteTeamCountry "GER"]
[BlackTeamCountry "GER"]

1. e4 Nc6 2. Nf3 Nf6 3. e5 Ng4 4. d4 d6 5. h3 Nh6 6. Bb5 Bd7 7. e6 fxe6 8. Bxh6 gxh6 9. Ng5 Bc8 10. Qh5+ Kd7 11. Nf7 Qe8 12. d5 1-0

[Event "Muensterland Regionalliga 1617"]
[Site "Germany"]
[Date "2017.04.08"]
[Round "8.2"]
[White "Luetkehermoelle, Martin"]
[Black "Voelker, Christian"]
[Result "1/2-1/2"]
[WhiteElo "1973"]
[BlackElo "1989"]
[PlyCount "70"]
[EventDate "2016.09.17"]
[EventType "team"]
[EventRounds "9"]
[EventCountry "GER"]
[SourceTitle "EXT 2018"]
[Source "ChessBase"]
[SourceDate "2017.10.13"]
[SourceVersion "1"]
[SourceVersionDate "2017.10.13"]
[SourceQuality "1"]
[WhiteTeam "Gronau"]
[BlackTeam "Suedlohn"]
[WhiteTeamCountry "GER"]
[BlackTeamCountry "GER"]

1. e4 c5 2. c3 Nf6 3. e5 Nd5 4. d4 cxd4 5. Nf3 e6 6. cxd4 b6 7. Nc3 Nxc3 8. bxc3 Qc7 9. Bd2 Bb7 10. Bd3 d6 11. 0-0 Nd7 12. Re1 Rc8 13. exd6 Bxd6 14. h3 Bf4 15. Be4 Bxe4 16. Rxe4 Bxd2 17. Nxd2 Qxc3 18. d5 Nc5 19. dxe6 Nxe6 20. Qa4+ Qc6 21. Qa3 Qc5 22. Qxa7 0-0 23. Nb3 Qd6 24. Qa6 Rc3 25. Qe2 Rd8 26. Re3 Rcc8 27. Re1 h6 28. Qb2 Rc7 29. R3e2 Qf4 30. Qe5 Qxe5 31. Rxe5 Rc2 32. R1e2 Rd1+ 33. Kh2 Rxe2 34. Rxe2 Kf8 35. Kg3 g5 1/2-1/2

[Event "Muensterland Regionalliga 1617"]
[Site "Germany"]
[Date "2017.01.14"]
[Round "5.2"]
[White "Voelker, Christian"]
[Black "Engels, Natia"]
[Result "1/2-1/2"]
[WhiteElo "1989"]
[BlackElo "2037"]
[PlyCount "85"]
[EventDate "2016.09.17"]
[EventType "team"]
[EventRounds "9"]
[EventCountry "GER"]
[SourceTitle "EXT 2018"]
[Source "ChessBase"]
[SourceDate "2017.10.13"]
[SourceVersion "1"]
[SourceVersionDate "2017.10.13"]
[SourceQuality "1"]
[WhiteTeam "Suedlohn"]
[BlackTeam "Steinfurt"]
[WhiteTeamCountry "GER"]
[BlackTeamCountry "GER"]

1. d4 Nf6 2. Bg5 Ne4 3. Bf4 d5 4. f3 Nf6 5. e4 e6 6. e5 Nfd7 7. Be3 c5 8. c3 Nc6 9. f4 Qb6 10. Qd2 f5 11. Nf3 cxd4 12. cxd4 Bb4 13. Nc3 0-0 14. Be2 Na5 15. 0-0 Re8 16. b3 Nf8 17. Qb2 Bd7 18. Rfc1 Rac8 19. Ne1 Rxc3 20. Rxc3 Bxc3 21. Qxc3 Rc8 22. Qd2 Bb5 23. Bxb5 Qxb5 24. Rc1 Rxc1 25. Qxc1 Nc6 26. Qd2 a5 27. Qd3 Qb6 28. Qc3 Nd7 29. Nd3 Kf7 30. Kf2 Qd8 31. g3 Qe7 32. Bc1 Ndb8 33. Nc5 Nb4 34. a3 Na2 35. Qd2 Nxc1 36. Qxc1 Nc6 37. Qb2 g5 38. Nd3 g4 39. Ke3 h5 40. Qc1 Qd8 41. Nc5 Qb6 42. h3 Ne7 43. h4 1/2-1/2

[Event "Muensterland Regionalliga 1516"]
[Site "Germany"]
[Date "2015.11.14"]
[Round "3.4"]
[White "Voelker, Christian"]
[Black "Kuhlenbaeumer, Willi"]
[Result "0-1"]
[WhiteElo "2037"]
[BlackElo "1947"]
[PlyCount "68"]
[EventDate "2015.09.05"]
[EventType "team"]
[EventRounds "9"]
[EventCountry "GER"]
[SourceTitle "EXT 2017"]
[Source "ChessBase"]
[SourceDate "2016.10.25"]
[SourceVersion "1"]
[SourceVersionDate "2016.10.25"]
[SourceQuality "1"]
[WhiteTeam "Suedlohn"]
[BlackTeam "Telgte"]
[WhiteTeamCountry "GER"]
[BlackTeamCountry "GER"]

1. d4 Nf6 2. Nc3 g6 3. e4 d6 4. f4 Bg7 5. Nf3 0-0 6. e5 Nfd7 7. h4 c5 8. h5 cxd4 9. hxg6 hxg6 10. Qxd4 Qb6 11. Nd5 Qd8 12. Qg1 Qa5+ 13. Nc3 dxe5 14. Qh2 Nf6 15. Nxe5 Nc6 16. Nc4 Qf5 17. Ne3 Qh5 18. Qg1 Qc5 19. Qh2 Qh5 20. Qg1 Qc5 21. Be2 Nd4 22. Bd1 e5 23. Qh2 Re8 24. f5 Nxf5 25. Nxf5 Bxf5 26. Bg5 e4 27. Qh4 Re6 28. g4 Nxg4 29. Bxg4 Bxg4 30. Qh7+ Kf8 31. Bh6 Bxh6 32. Qxh6+ Ke8 33. Rf1 g5 34. Qh8+ Ke7 0-1

[Event "Muensterland Regionalliga 1415"]
[Site "Germany"]
[Date "2015.02.21"]
[Round "6.2"]
[White "Broemmel, Rudolf"]
[Black "Voelker, Christian"]
[Result "1/2-1/2"]
[WhiteElo "1892"]
[BlackElo "2061"]
[PlyCount "68"]
[EventDate "2014.09.20"]
[EventType "team-tourn"]
[EventRounds "9"]
[EventCountry "GER"]
[SourceTitle "EXT 2016"]
[Source "ChessBase"]
[SourceDate "2015.10.08"]
[SourceVersion "1"]
[SourceVersionDate "2015.10.08"]
[SourceQuality "1"]
[WhiteTeam "Raesfeld Erle"]
[BlackTeam "Nienberge"]
[WhiteTeamCountry "GER"]
[BlackTeamCountry "GER"]

1. g3 e5 2. Bg2 Nc6 3. d3 g6 4. e4 Bg7 5. Ne2 d6 6. c3 Nge7 7. Nd2 Be6 8. Nf3 h6 9. Qc2 Qd7 10. h3 a5 11. Be3 f5 12. c4 g5 13. a3 Nd8 14. Nc3 Nf7 15. Nd5 f4 16. gxf4 gxf4 17. Bd2 Ng6 18. h4 Qd8 19. h5 Nf8 20. 0-0-0 c6 21. Nc3 Bf6 22. Rdg1 Qb6 23. Be1 Ng5 24. Nxg5 Bxg5 25. Bf3 Bd7 26. Ne2 Ne6 27. Kb1 a4 28. Rh2 Kd8 29. Bb4 Kc7 30. Nc3 Nd4 31. Qd1 Nxf3 32. Qxf3 Be6 33. Rc1 Kd7 34. Na2 Be7 1/2-1/2

[Event "Muensterland Regionalliga 1415"]
[Site "Germany"]
[Date "2015.01.17"]
[Round "5.2"]
[White "Voelker, Christian"]
[Black "Lemli, Thomas"]
[Result "1-0"]
[WhiteElo "2061"]
[BlackElo "1991"]
[PlyCount "65"]
[EventDate "2014.09.20"]
[EventType "team-tourn"]
[EventRounds "9"]
[EventCountry "GER"]
[SourceTitle "EXT 2016"]
[Source "ChessBase"]
[SourceDate "2015.10.08"]
[SourceVersion "1"]
[SourceVersionDate "2015.10.08"]
[SourceQuality "1"]
[WhiteTeam "Nienberge"]
[BlackTeam "Emsdetten Rochade"]
[WhiteTeamCountry "GER"]
[BlackTeamCountry "GER"]

1. d4 d5 2. Nc3 e6 3. e4 dxe4 4. Nxe4 Nd7 5. Bd3 Ngf6 6. Nf3 Nxe4 7. Bxe4 Nf6 8. Bg5 Be7 9. Bxf6 gxf6 10. Qe2 0-0 11. 0-0-0 f5 12. Bd3 Kh8 13. Rhe1 Bf6 14. Kb1 Rg8 15. g3 Rg7 16. Bc4 c6 17. Ne5 Qd6 18. Qh5 Kg8 19. g4 fxg4 20. Rg1 Bd7 21. Nxg4 Qf4 22. Nh6+ Kf8 23. Rg4 Qf3 24. Rdg1 Be8 25. Qc5+ Be7 26. Qe5 Bf6 27. Qd6+ Be7 28. Qc7 Rxg4 29. Nxg4 Bg5 30. Qd6+ Kg7 31. h4 Rd8 32. Qxd8 Bxd8 33. Ne5+ 1-0

[Event "Muensterland Regionalliga 1415"]
[Site "Germany"]
[Date "2014.12.13"]
[Round "4.1"]
[White "Voelker, Christian"]
[Black "Koke, Christoph"]
[Result "1/2-1/2"]
[WhiteElo "2061"]
[BlackElo "2069"]
[PlyCount "71"]
[EventDate "2014.09.20"]
[EventType "team-tourn"]
[EventRounds "9"]
[EventCountry "GER"]
[SourceTitle "EXT 2016"]
[Source "ChessBase"]
[SourceDate "2015.10.08"]
[SourceVersion "1"]
[SourceVersionDate "2015.10.08"]
[SourceQuality "1"]
[WhiteTeam "Nienberge"]
[BlackTeam "Olfen"]
[WhiteTeamCountry "GER"]
[BlackTeamCountry "GER"]

1. e4 c5 2. Nf3 d6 3. d4 cxd4 4. Nxd4 Nf6 5. Nc3 a6 6. g3 e5 7. Nb3 Be7 8. Bg2 Qc7 9. 0-0 b5 10. Be3 Nbd7 11. g4 h6 12. h3 Nb6 13. a4 b4 14. Bxb6 Qxb6 15. a5 Qb7 16. Na4 Be6 17. Nb6 Rd8 18. Qe1 Qc6 19. Qe2 Nd7 20. Nd5 Bxd5 21. exd5 Qb7 22. Rfd1 Rc8 23. Bf1 Nc5 24. Nxc5 Rxc5 25. Qxa6 Qxa6 26. Bxa6 Bd8 27. b3 Rxa5 28. Rxa5 Bxa5 29. Ra1 Bb6 30. Bb7 Ke7 31. Kg2 Kf6 32. f3 Re8 33. Re1 Re7 34. Ba6 Ra7 35. Bd3 Ra5 36. Bc4 1/2-1/2

[Event "Muensterland Regionalliga 1314"]
[Site "Germany"]
[Date "2013.11.16"]
[Round "3.1"]
[White "Voelker, Christian"]
[Black "Eiersbrock, Robin"]
[Result "1/2-1/2"]
[WhiteElo "2067"]
[BlackElo "2029"]
[PlyCount "36"]
[EventDate "2013.09.07"]
[EventType "team-tourn"]
[EventRounds "9"]
[EventCountry "GER"]
[SourceTitle "EXT 2015"]
[Source "ChessBase"]
[SourceDate "2014.11.20"]
[SourceVersion "1"]
[SourceVersionDate "2014.11.20"]
[SourceQuality "1"]
[WhiteTeam "Sendenhorst"]
[BlackTeam "Duelmen"]
[WhiteTeamCountry "GER"]
[BlackTeamCountry "GER"]

1. c4 Nf6 2. Nc3 g6 3. d4 Bg7 4. e4 d6 5. Be2 0-0 6. Bg5 c6 7. f4 Qb6 8. Qd2 e5 9. fxe5 dxe5 10. d5 Nbd7 11. Be3 Qd8 12. Nh3 cxd5 13. cxd5 b6 14. 0-0 Nc5 15. Nf2 Ne8 16. Nd3 Nxd3 17. Bxd3 Nd6 18. Nb5 f5 1/2-1/2

[Event "Muensterland Verbandsliga 1213"]
[Site "Germany"]
[Date "2013.05.04"]
[Round "9.1"]
[White "Althoff, Franz"]
[Black "Voelker, Christian"]
[Result "1/2-1/2"]
[WhiteElo "2101"]
[BlackElo "2055"]
[PlyCount "37"]
[EventDate "2012.09.22"]
[EventType "team-tourn"]
[EventRounds "9"]
[EventCountry "GER"]
[SourceTitle "EXT 2015"]
[Source "ChessBase"]
[SourceDate "2014.11.20"]
[SourceVersion "1"]
[SourceVersionDate "2014.11.20"]
[SourceQuality "1"]
[WhiteTeam "Ostbevern Westbevern"]
[BlackTeam "Sendenhorst"]
[WhiteTeamCountry "GER"]
[BlackTeamCountry "GER"]

1. Nf3 c5 2. e3 Nc6 3. d4 e6 4. c4 d6 5. Nc3 Nf6 6. Bd3 Be7 7. 0-0 0-0 8. a3 Re8 9. d5 Nb8 10. e4 e5 11. h3 Nbd7 12. Nh2 Nf8 13. b4 N6d7 14. Ne2 Ng6 15. Rb1 a5 16. bxc5 Nxc5 17. Bc2 Bg5 18. Be3 Rf8 19. Qd2 1/2-1/2

[Event "Muensterland Verbandsliga 1213"]
[Site "Germany"]
[Date "2013.03.09"]
[Round "7.2"]
[White "Voelker, Christian"]
[Black "Stopka, Tobias"]
[Result "1-0"]
[WhiteElo "2055"]
[BlackElo "2016"]
[PlyCount "115"]
[EventDate "2012.09.22"]
[EventType "team-tourn"]
[EventRounds "9"]
[EventCountry "GER"]
[SourceTitle "EXT 2015"]
[Source "ChessBase"]
[SourceDate "2014.11.20"]
[SourceVersion "1"]
[SourceVersionDate "2014.11.20"]
[SourceQuality "1"]
[WhiteTeam "Sendenhorst"]
[BlackTeam "Nienberge"]
[WhiteTeamCountry "GER"]
[BlackTeamCountry "GER"]

1. e4 e6 2. Qe2 c5 3. Nf3 Nc6 4. g3 g6 5. Bg2 Bg7 6. 0-0 Nge7 7. e5 Nf5 8. Re1 Qc7 9. c3 d5 10. Na3 a6 11. Nc2 Bd7 12. d3 h6 13. a4 Na5 14. Nd2 Rc8 15. Ne3 Nxe3 16. Qxe3 c4 17. d4 Bc6 18. Bf3 Qd7 19. Bd1 Ra8 20. Bc2 b5 21. axb5 axb5 22. f4 Qd8 23. Qf2 h5 24. h3 Bd7 25. Rb1 Nc6 26. Nf3 b4 27. Nh4 b3 28. Bd1 Ne7 29. Nf3 Qb6 30. Ng5 Rf8 31. g4 hxg4 32. hxg4 Kd8 33. Kg2 Be8 34. Rh1 Qa5 35. Be3 Rh8 36. Bf3 Rxh1 37. Rxh1 Qa2 38. Kg3 Bf8 39. Rh8 Bg7 40. Rh7 Bf8 41. Nxf7+ Bxf7 42. Rxf7 Ke8 43. Rh7 Qb1 44. Rh1 Qa2 45. Bg2 Ra7 46. Bh3 Rb7 47. Qe2 Rb6 48. Kf3 Ra6 49. Bf2 Ra7 50. Bh4 Bg7 51. Rf1 Rb7 52. Kg3 Ra7 53. f5 exf5 54. gxf5 gxf5 55. Bxf5 Qa6 56. Qh5+ Kd8 57. Qf7 Qh6 58. Rf3 1-0

[Event "NRW Class2 1112"]
[Site "Germany"]
[Date "2012.03.25"]
[Round "8.2"]
[White "Voelker, Christian"]
[Black "Hoolt, Sarah"]
[Result "0-1"]
[WhiteElo "2060"]
[BlackElo "2259"]
[PlyCount "56"]
[EventDate "2011.09.18"]
[EventType "team-tourn"]
[EventRounds "9"]
[EventCountry "GER"]
[SourceTitle "EXT 2015"]
[Source "ChessBase"]
[SourceDate "2014.11.20"]
[SourceVersion "1"]
[SourceVersionDate "2014.11.20"]
[SourceQuality "1"]
[WhiteTeam "Sendenhorst"]
[BlackTeam "Katernberg II"]
[WhiteTeamCountry "GER"]
[BlackTeamCountry "GER"]

1. d4 Nf6 2. Nc3 d5 3. e4 dxe4 4. f3 exf3 5. Nxf3 Bg4 6. h3 Bh5 7. g4 Bg6 8. Ne5 Nbd7 9. Qf3 c6 10. Nxg6 hxg6 11. g5 Nh5 12. Bc4 e6 13. Rf1 Qe7 14. Be3 Nb6 15. Bb3 Qc7 16. Ne4 Nd5 17. Bd2 a5 18. c4 a4 19. Bd1 Nb6 20. Be2 a3 21. b3 0-0-0 22. c5 Rxd4 23. cxb6 Qe5 24. Nc3 Bb4 25. 0-0-0 Ng3 26. Rfe1 Rxd2 27. Kxd2 Bxc3+ 28. Kc2 Bxe1 0-1

[Event "NRW Class2 1112"]
[Site "Germany"]
[Date "2012.02.05"]
[Round "6.2"]
[White "Mueschenich, Stefan"]
[Black "Voelker, Christian"]
[Result "1/2-1/2"]
[WhiteElo "2097"]
[BlackElo "2060"]
[PlyCount "85"]
[EventDate "2011.09.18"]
[EventType "team-tourn"]
[EventRounds "9"]
[EventCountry "GER"]
[SourceTitle "EXT 2015"]
[Source "ChessBase"]
[SourceDate "2014.11.20"]
[SourceVersion "1"]
[SourceVersionDate "2014.11.20"]
[SourceQuality "1"]
[WhiteTeam "Muenster SK II"]
[BlackTeam "Sendenhorst"]
[WhiteTeamCountry "GER"]
[BlackTeamCountry "GER"]

1. b3 e5 2. Bb2 Nc6 3. c4 Nf6 4. e3 d5 5. cxd5 Nxd5 6. a3 Bd6 7. d3 0-0 8. Nf3 f6 9. Nbd2 Be6 10. b4 Qe8 11. b5 Nce7 12. d4 exd4 13. Nxd4 Bf7 14. Bc4 Nb6 15. Bxf7+ Qxf7 16. Qf3 Na4 17. Bc1 Qd5 18. 0-0 Qxf3 19. N2xf3 Kf7 20. Bd2 Rfd8 21. Rfc1 Nc5 22. Bb4 b6 23. Rc2 Nd5 24. Bxc5 Bxc5 25. Nb3 Bd6 26. Nfd4 Rd7 27. g3 Re7 28. Nf5 Rd7 29. Nxd6+ cxd6 30. Rd1 Nc7 31. a4 Ne6 32. Rc6 Rad8 33. Ra1 Nc5 34. Nd4 Nb7 35. Rd1 g6 36. Rc4 Na5 37. Rc3 f5 38. Rcd3 Rc8 39. Ne2 Ke7 40. Nc3 Rc4 41. Nd5+ Ke6 42. Nf4+ Ke7 43. Nd5+ 1/2-1/2